Регионална библиотека "Любен Каравелов" - Русе

Българска лексикология (Запис номер 82175)

MARC детайли
000 -Лидер
Контролно поле с фиксирана дължина 01435nam a2200361 c 4500
003 - Код на организацията, давaща контролен номер
Контролно поле BLK
005 - Дата и час на последна редакция
Контролно поле 20250523114626.0
008 - Елементи от данни с фиксирана дължина
fixed length control field 180408b bul|||||r ||||||| ||bul||
010 ## - Наследен системен номер
LC control number KNG00086696000
020 ## - Международен стандартен номер на книга ISBN
Международен стандартен номер на книга ISBN 978-954-07-2589-5
-- издат.: Унив. изд. Св. Климент Охридски
040 ## - Източник на каталожния запис
Идентификатор на билиотеката - собственик на записа BLK
041 ## - Код за език
Код за езика на текст/звукозапис или на отделно заглавие Български
Код за езика КДБФ Български
080 ## - УДК
Текстов определител УДК Български език
УДК код - определител по УДК 811.163.2
УДК определител -3
УДК - код + определител 811.163.2-3
100 1# - Редна дума - Автор
Автор Бояджиев, Тодор Апостолов
Авторска отговорност първи автор
R(LIN) 364499
139 ## - Редно поле
Редна дума Бояджиев, Тодор Апостолов
Авторски знак Боя - Б 73
245 10 - Сведения за заглавието
Заглавие Българска лексикология
Редно поле (дума) Тодор Апостолов Бояджиев.
250 ## - Област на изданието
Сведения за изданието 3. изд.
257 ## - Страна на издаване
Страна на създаване/издаване България
260 ## - Област на издателските данни
-- София
Име на издателя, разпространителя и проч. Унив. изд. Св. Климент Охридски
Година на издаване 2007
300 ## - Физическа характеристика
Страници 360 с.
Размери/Мащаб 24 см
380 ## - Жанр
Жанр Езикознание. Филология
490 1# - СЕРИИ (Колекции)
Име на серия Университетска библиотека
№: серия 454
500 ## - Общи забележки
Забележка 1. изд. 1986 на изд. Наука и изкуство. - В кн. означено 2. изд.
650 #4 - Допълнително описание по предмет – тема
Основно описание – тема или топоним Български език - лексикология
9 (RLIN) 255874
653 ## - Ключова дума – ненормативна
Ключова дума български език
653 ## - Ключова дума – ненормативна
Ключова дума лексикология
852 ## - Местоположение
Форматна сигнатура Цб 242035
856 4# - Електронен адрес и достъп
Електронен формат pdf - файл
Път до файла /url/
856 4# - Електронен адрес и достъп
Електронен формат pdf - файл
Път до файла /url/
942 ## - АРТИКУЛИ
Вид на библиотечния материал Книги
Скрит в OPAC Не
Koha issues (borrowed), all copies 7
944 ## - СЪЗДАВАНЕ И РЕДАКЦИЯ на ЗАПИСА
Създаване/Редакция Създаване
Дата на регистрацията/редакция 28.11.2008
Статус, дата на статуса Радостина Карадакова
Служител, извършил регистрацията/редакцията 30534
944 ## - СЪЗДАВАНЕ И РЕДАКЦИЯ на ЗАПИСА
Създаване/Редакция Редакция
Дата на регистрацията/редакция 11.06.2009
Статус, дата на статуса ф /
Служител, извършил регистрацията/редакцията
999 ## - СИСТЕМНИ КОНТРОЛНИ НОМЕРА
Koha biblionumber 82175
Koha biblioitemnumber 82175
Наличности
Код за отписване Код за изгубен артикул Източник на класификационната схема Код за повреда Коз за рестрикции Код за отдаване Артикулен № Име на библиотеката - собственик Име на библиотеката, в която се намира в момента Статус (Текущо местоположение) Дата на вписване в системата Местоположение - отдел Цена в лева Инвентарен номер Систематично азбучна сигнатура Баркод Номер на екземпляра Цена в евро Служебна бележка Служебен тип на артикула
  Не е изгубен Universal Decimal Classification Не е повреден без рестрикции заемане за дома 133387 Регионална библиотека "Любен Каравелов" Русе Регионална библиотека "Любен Каравелов" Русе Заемна - подръчен фонд 2008-11-28 Заемна - подръчен фонд 15.00 120000731763 811.163.2/Б 73 Т 120000731763 1 7.67 Дост: Pk Вид: Ф N: 10094 Дата: 19.11.2008 Дата инв: 14.03.2018 Бележки инв: П2018 Книги
  Не е изгубен   Не е повреден без рестрикции ползва се в читалня 133388 Регионална библиотека "Любен Каравелов" Русе Регионална библиотека "Любен Каравелов" Русе Хранилище 2009-06-12 Хранилище 0.00 120000736091 Цб 242035 120000736091 2 0.00 Дост: Dp Вид: Д N: 1 Дата: 04.12.2008 Книги
Vip Innovations Ltd, Rousse, Bulgaria 2025